[Event "Eger Agria op 41th"]
[Site "Eger"]
[Date "2017.07.20"]
[Round "5"]
[White "Toth, Istvan"]
[Black "Gaal, Miklos"]
[Result "1-0"]
[WhiteElo "1903"]
[BlackElo "1671"]
[PlyCount "81"]
[EventDate "2017.07.17"]
[EventType "swiss"]
[EventRounds "9"]
[EventCountry "HUN"]
[SourceTitle "EXT 2020"]
[Source "ChessBase"]
[SourceDate "2019.10.17"]
[SourceVersion "1"]
[SourceVersionDate "2019.10.17"]
[SourceQuality "1"]

1. e4 c6 2. d4 e6 3. Bd3 Nf6 4. e5 Nd5 5. f4 g6 6. Ne2 b5 7. Nbc3 Nb6 8. Ne4 Be7 9. N2g3 Na6 10. c3 Bb7 11. b3 Qc7 12. Qe2 h5 13. a4 Nd5 14. Bd2 Nb8 15. axb5 d6 16. c4 Nb6 17. exd6 Bxd6 18. c5 Bxc5 19. dxc5 Nd5 20. Nd6+ Kf8 21. Ba5 Qe7 22. 0-0 cxb5 23. Nxb7 Qxb7 24. Bxb5 a6 25. Bc4 Nd7 26. Bxd5 Qxd5 27. Bb6 Nf6 28. Qb2 Ke7 29. Rfd1 Qc6 30. Rd6 Qb5 31. b4 h4 32. Ne2 Rh5 33. Nd4 Qe8 34. Nc6+ Kf8 35. Qxf6 Kg8 36. Rad1 Rd5 37. R1xd5 exd5 38. Rd8 Rxd8 39. Ne7+ Kh7 40. Bxd8 Qa4 41. Qxf7+ 1-0

[Event "Eger Agria op 41th"]
[Site "Eger"]
[Date "2017.07.18"]
[Round "3"]
[White "Toth, Istvan"]
[Black "Bartok, David Dominik"]
[Result "1/2-1/2"]
[WhiteElo "1903"]
[BlackElo "1661"]
[PlyCount "99"]
[EventDate "2017.07.17"]
[EventType "swiss"]
[EventRounds "9"]
[EventCountry "HUN"]
[SourceTitle "EXT 2020"]
[Source "ChessBase"]
[SourceDate "2019.10.17"]
[SourceVersion "1"]
[SourceVersionDate "2019.10.17"]
[SourceQuality "1"]

1. e4 d5 2. exd5 Qxd5 3. Nc3 Qa5 4. d4 c6 5. Bc4 Nf6 6. Nge2 Bf5 7. 0-0 e6 8. Ng3 Bg6 9. Qe2 Bd6 10. Bxe6 fxe6 11. Qxe6+ Be7 12. Qc8+ Qd8 13. Qxb7 Nbd7 14. Qxc6 Rc8 15. Qe6 Qb6 16. Qxb6 axb6 17. Re1 Bxc2 18. Bf4 Kf7 19. Rac1 Bg6 20. Nb5 Nd5 21. Nd6+ Bxd6 22. Bxd6 Rhe8 23. Red1 N7f6 24. h3 Red8 25. Be5 Nd7 26. f4 Ne3 27. Re1 Nc2 28. f5 Nxe1 29. fxg6+ Kxg6 30. Rxe1 Nxe5 31. dxe5 Rc2 32. Ne4 Re8 33. Nf2 Rxb2 34. Nd3 Rxa2 35. Rb1 Ra6 36. Nb4 Ra4 37. Nc6 Ra6 38. Nb4 Ra7 39. Nd3 Rb7 40. Nc5 Rbb8 41. Nd7 Rbd8 42. Rxb6+ Kf5 43. g4+ Kg5 44. e6 Re7 45. Kg2 Kh6 46. h4 g6 47. Kf3 Rde8 48. g5+ Kg7 49. Nf6 Rf8 50. Ke4 1/2-1/2

[Event "HUN-chT2 Breyer 1516"]
[Site "Hungary"]
[Date "2015.09.13"]
[Round "1.6"]
[White "Toth, Istvan"]
[Black "Voros, Sandor"]
[Result "0-1"]
[WhiteElo "1949"]
[BlackElo "1939"]
[PlyCount "72"]
[EventDate "2015.09.13"]
[EventType "team-tourn"]
[EventRounds "11"]
[EventCountry "HUN"]
[SourceTitle "CBM 170 Extra"]
[Source "ChessBase"]
[SourceDate "2016.02.25"]
[SourceVersion "1"]
[SourceVersionDate "2016.02.25"]
[SourceQuality "1"]
[WhiteTeam "Nyergesujfalu"]
[BlackTeam "Turul"]
[WhiteTeamCountry "HUN"]
[BlackTeamCountry "HUN"]

1. d4 Nf6 2. c4 g6 3. Nc3 Bg7 4. e4 d6 5. Be2 0-0 6. Nf3 Nbd7 7. 0-0 e5 8. Bg5 h6 9. Bh4 g5 10. Bg3 Nh5 11. Nxe5 Nxg3 12. Nxd7 Nxe2+ 13. Nxe2 Bxd7 14. f4 Bg4 15. e5 gxf4 16. Rxf4 Qg5 17. g3 Rae8 18. Qd3 dxe5 19. dxe5 Bxe5 20. Rf2 Bxe2 21. Rxe2 Bd4+ 22. Kg2 Rxe2+ 23. Qxe2 Bg7 24. Rf1 c6 25. Rf4 Qg6 26. h4 Rd8 27. Rg4 Qe6 28. Re4 Qd7 29. Qh5 Qd2+ 30. Kh3 Qd7+ 31. Kh2 Re8 32. Rf4 Re7 33. Rf2 Qd4 34. Qf5 Qe4 35. Qc8+ Kh7 36. b3 Qe6 0-1

[Event "HUN-chT2 Breyer 1415"]
[Site "Hungary"]
[Date "2015.04.26"]
[Round "?"]
[White "Toth, Istvan"]
[Black "Szendeff, Miklos"]
[Result "1/2-1/2"]
[WhiteElo "1947"]
[BlackElo "1867"]
[PlyCount "85"]
[EventDate "2014.09.07"]
[EventType "team-tourn"]
[EventRounds "11"]
[EventCountry "HUN"]
[SourceTitle "EXT 2016"]
[Source "ChessBase"]
[SourceDate "2015.10.08"]
[SourceVersion "1"]
[SourceVersionDate "2015.10.08"]
[SourceQuality "1"]
[WhiteTeam "Nyergesujfalu"]
[BlackTeam "Zsambek"]
[WhiteTeamCountry "HUN"]
[BlackTeamCountry "HUN"]

1. d4 g6 2. Bf4 Bg7 3. e3 Nf6 4. Be2 0-0 5. Nd2 c5 6. c3 d5 7. Ngf3 Qb6 8. Qb3 c4 9. Qa3 Re8 10. Ne5 Nc6 11. 0-0 Bf5 12. b3 cxb3 13. axb3 Ne4 14. Nxe4 Nxe5 15. Nc5 Rec8 16. Na4 Qc6 17. dxe5 g5 18. Bxg5 b5 19. Nb2 Qxc3 20. Bf4 b4 21. Qa2 Bc2 22. Bd1 Bxe5 23. Bxe5 Qxe5 24. Na4 Bd3 25. Re1 Rc6 26. Qb2 Qc7 27. Qd4 Be4 28. f3 e5 29. Qd2 Bc2 30. Rc1 Bf5 31. Qxd5 Rxc1 32. Qxa8+ Kg7 33. Qd5 Be6 34. Qd2 a5 35. h4 h6 36. Kh1 f5 37. f4 e4 38. Kh2 Kh7 39. Nb2 Qc3 40. Qd6 Qxe1 41. Qe7+ Kh8 42. Qf6+ Kh7 43. Qe7+ 1/2-1/2

[Event "HUN-chT2 Breyer 1213"]
[Site "Hungary"]
[Date "2012.11.18"]
[Round "4.5"]
[White "Toth, Istvan"]
[Black "Biro, David"]
[Result "0-1"]
[WhiteElo "1999"]
[BlackElo "2163"]
[PlyCount "101"]
[EventDate "2012.09.16"]
[EventType "team-tourn"]
[EventRounds "11"]
[EventCountry "HUN"]
[SourceTitle "EXT 2014"]
[Source "ChessBase"]
[SourceDate "2013.11.20"]
[SourceVersion "1"]
[SourceVersionDate "2013.11.20"]
[SourceQuality "1"]
[WhiteTeam "Zoltek"]
[BlackTeam "Husi"]
[WhiteTeamCountry "HUN"]
[BlackTeamCountry "HUN"]

1. d4 Nf6 2. Nf3 g6 3. Bf4 Bg7 4. Qc1 0-0 5. Bh6 d6 6. Bxg7 Kxg7 7. Qf4 c5 8. Nc3 cxd4 9. Qxd4 Nc6 10. Qd2 a6 11. e3 Bg4 12. Be2 Rc8 13. 0-0 Qa5 14. h3 Bxf3 15. Bxf3 Ne5 16. Be2 Qb4 17. Rab1 Rc7 18. Rfd1 Rfc8 19. Qd4 Qxd4 20. Rxd4 Nc6 21. Rd2 Na5 22. Rd4 Nc6 23. Rdd1 Ne5 24. g4 h6 25. Kg2 Nc4 26. Bf3 b5 27. Nd5 Nxd5 28. Bxd5 Nb6 29. Bb3 Nd7 30. c3 Nc5 31. Bd5 e6 32. Bf3 d5 33. Rd4 Kf6 34. Rbd1 Na4 35. R1d2 Nb6 36. Bd1 Nc4 37. Re2 Ne5 38. Rf4+ Ke7 39. Kg3 Nc6 40. e4 d4 41. e5 dxc3 42. bxc3 Na5 43. a4 Rxc3+ 44. Kg2 R3c4 45. Rxc4 Nxc4 46. axb5 axb5 47. Re4 Kd7 48. Be2 Kc6 49. h4 Kc5 50. g5 hxg5 51. hxg5 0-1

[Event "HUN-chT2 Breyer 1011"]
[Site "Hungary"]
[Date "2011.05.15"]
[Round "11.6"]
[White "Tomosvary, Attila"]
[Black "Toth, Istvan"]
[Result "0-1"]
[WhiteElo "2116"]
[BlackElo "1943"]
[PlyCount "84"]
[EventDate "2010.09.12"]
[EventType "team-tourn"]
[EventRounds "11"]
[EventCountry "HUN"]
[SourceTitle "EXT 2012"]
[Source "ChessBase"]
[SourceDate "2011.11.24"]
[SourceVersion "1"]
[SourceVersionDate "2011.11.24"]
[SourceQuality "1"]
[WhiteTeam "Vizugy"]
[BlackTeam "Zoltek"]
[WhiteTeamCountry "HUN"]
[BlackTeamCountry "HUN"]

1. e4 c5 2. Nc3 Nc6 3. f4 g6 4. Nf3 Bg7 5. Bb5 Nd4 6. Bd3 d6 7. Nxd4 Bxd4 8. Ne2 Bg7 9. Bb5+ Kf8 10. d3 Qa5+ 11. Nc3 Bxc3+ 12. bxc3 Qxb5 13. 0-0 f5 14. c4 Qb6 15. Bd2 Nf6 16. e5 dxe5 17. fxe5 Ne8 18. Qe1 h5 19. Bc3 Be6 20. Qh4 Rg8 21. Rf3 Nc7 22. Qg5 Na6 23. a3 Rd8 24. h3 Ke8 25. Re1 Nb8 26. g4 hxg4 27. hxg4 Nc6 28. Ref1 Nd4 29. R3f2 Qc6 30. Bxd4 Rxd4 31. Rf4 Rd8 32. R1f2 Qa4 33. Rh2 Qxa3 34. Rh7 Rd7 35. Rf1 Qb2 36. Rf2 Qd4 37. Rh4 Qxe5 38. Kf1 Qf6 39. Qh6 g5 40. Qxf6 exf6 41. Rh6 f4 42. Re2 Re7 0-1

[Event "HUN-chT2 Breyer 1011"]
[Site "Hungary"]
[Date "2010.11.21"]
[Round "6.6"]
[White "Toth, Istvan"]
[Black "Kovacs, Geza"]
[Result "1-0"]
[WhiteElo "2142"]
[BlackElo "2082"]
[PlyCount "43"]
[EventDate "2010.09.12"]
[EventType "team-tourn"]
[EventRounds "11"]
[EventCountry "HUN"]
[SourceTitle "EXT 2012"]
[Source "ChessBase"]
[SourceDate "2011.11.24"]
[SourceVersion "1"]
[SourceVersionDate "2011.11.24"]
[SourceQuality "1"]
[WhiteTeam "Zoltek"]
[BlackTeam "Turul"]
[WhiteTeamCountry "HUN"]
[BlackTeamCountry "HUN"]

1. d4 Nf6 2. c4 e6 3. Nf3 b6 4. Nc3 Bb7 5. Bg5 Be7 6. e3 d5 7. Rc1 Nbd7 8. cxd5 exd5 9. Bd3 0-0 10. 0-0 h6 11. Bf4 Nh5 12. Be5 f6 13. Bxc7 Qxc7 14. Nxd5 Qd6 15. Nxe7+ Qxe7 16. Nh4 Ne5 17. dxe5 Qxe5 18. Bg6 Nf4 19. exf4 Qxf4 20. Qd7 Rac8 21. Nf5 Rc7 22. Rxc7 1-0

[Event "HUN-chT2 Breyer 0708"]
[Site "Hungary"]
[Date "2008.04.27"]
[Round "10"]
[White "Toth, Istvan"]
[Black "Furesz, Jozsef"]
[Result "1-0"]
[WhiteElo "2142"]
[BlackElo "2088"]
[PlyCount "85"]
[EventDate "2007.10.14"]
[EventType "team-tourn"]
[EventRounds "11"]
[EventCountry "HUN"]
[SourceTitle "EXT 2009"]
[Source "ChessBase"]
[SourceDate "2008.11.26"]
[SourceVersion "1"]
[SourceVersionDate "2008.11.26"]
[SourceQuality "1"]
[WhiteTeam "Zoltek"]
[BlackTeam "Turul"]
[WhiteTeamCountry "HUN"]
[BlackTeamCountry "HUN"]

1. e4 d6 2. d4 c6 3. Nf3 Qc7 4. Be2 e5 5. c4 Nf6 6. Nc3 Nbd7 7. 0-0 Be7 8. Bg5 h6 9. Bh4 0-0 10. Kh1 Re8 11. Bg3 Nh5 12. d5 a5 13. Ne1 Nf4 14. Nd3 g5 15. f3 Kh7 16. Bf2 Rg8 17. g3 Nxd3 18. Qxd3 Nc5 19. Qd2 Bh3 20. Rfd1 Nd7 21. g4 Nf6 22. Rg1 b5 23. cxb5 cxb5 24. Nxb5 Qd7 25. Na3 h5 26. Qd1 Rg6 27. Nc4 Bd8 28. Nd2 Rb8 29. b3 Bb6 30. Bxb6 Rxb6 31. Rg3 hxg4 32. fxg4 Rh6 33. Nc4 Rb8 34. Ne3 Kh8 35. Bf3 Rb4 36. Qc2 Rh4 37. Rag1 a4 38. Nf5 Rh7 39. Rc1 Rb8 40. Qd3 axb3 41. axb3 Ne8 42. Be2 Qb7 43. Rxh3 1-0

[Event "HUN-chT2 Breyer 0708"]
[Site "Hungary"]
[Date "2008.03.30"]
[Round "9"]
[White "Toth, Istvan"]
[Black "Horvath, Gabor"]
[Result "0-1"]
[WhiteElo "2142"]
[BlackElo "2280"]
[PlyCount "206"]
[EventDate "2007.10.14"]
[EventType "team-tourn"]
[EventRounds "11"]
[EventCountry "HUN"]
[SourceTitle "EXT 2009"]
[Source "ChessBase"]
[SourceDate "2008.11.26"]
[SourceVersion "1"]
[SourceVersionDate "2008.11.26"]
[SourceQuality "1"]
[WhiteTeam "Zoltek"]
[BlackTeam "MAFC"]
[WhiteTeamCountry "HUN"]
[BlackTeamCountry "HUN"]

1. d4 Nf6 2. Nf3 g6 3. c4 Bg7 4. Nc3 0-0 5. e4 d6 6. Be2 Nbd7 7. 0-0 e5 8. dxe5 dxe5 9. Qc2 c6 10. Rd1 Qc7 11. Bd2 Nc5 12. Ng5 h6 13. Be3 Qe7 14. Nf3 Ng4 15. Bxc5 Qxc5 16. Bf1 f5 17. h3 Nf6 18. Rd2 Nxe4 19. Nxe4 fxe4 20. Qxe4 Bf5 21. Qe2 g5 22. Rad1 Rae8 23. Nh2 e4 24. Qe3 Qa5 25. a3 Be5 26. g3 Qc7 27. Bg2 c5 28. Ng4 Bg7 29. b3 h5 30. Nh2 Qe7 31. a4 Bd4 32. Rxd4 cxd4 33. Rxd4 Bg6 34. Nf1 h4 35. Nd2 hxg3 36. fxg3 Qf6 37. Nxe4 Bxe4 38. Rxe4 Rd8 39. Re5 Kh8 40. Rxg5 Qd4 41. Rh5+ Kg7 42. Qxd4+ Rxd4 43. Rd5 Rxd5 44. Bxd5 b6 45. Kg2 Kg6 46. g4 Re8 47. Kf2 Kg5 48. b4 Kf4 49. c5 bxc5 50. bxc5 Re5 51. Bf7 Rxc5 52. Ke2 Rc3 53. Kd2 Rxh3 54. Be6 Rh6 55. Bc4 Kxg4 56. Ke3 Rd6 57. Ke4 Rd2 58. a5 Kg5 59. Ke5 Kg6 60. a6 Kg7 61. Bd5 Kg6 62. Bc4 Kg5 63. Bd5 Kg4 64. Bc4 Kf3 65. Bd5+ Ke3 66. Kd6 Kd4 67. Bb7 Kc4+ 68. Kc6 Rh2 69. Kd6 Rh5 70. Bc8 Rh6+ 71. Ke5 Kc5 72. Ke4 Rh8 73. Bb7 Rd8 74. Ke5 Re8+ 75. Kf4 Kd4 76. Kf3 Re7 77. Kf2 Kd3 78. Bd5 Re5 79. Bb7 Rc5 80. Kf3 Rf5+ 81. Kg4 Rf8 82. Kg3 Ke3 83. Kg4 Kd4 84. Kg5 Ke5 85. Kg4 Rf5 86. Kg3 Rf4 87. Kg2 Kd4 88. Kg3 Ke3 89. Kg2 Rf8 90. Bd5 Rf2+ 91. Kg1 Ke2 92. Bb7 Rf6 93. Kg2 Rg6+ 94. Kh3 Ke3 95. Kh4 Kf4 96. Kh3 Rg7 97. Kh2 Ke5 98. Kh3 Kd6 99. Kh4 Kc7 100. Kh5 Kb6 101. Kh4 Rxb7 102. axb7 Kxb7 103. Kg4 a5 0-1

[Event "HUN-chT2 Breyer 0708"]
[Site "Hungary"]
[Date "2007.11.11"]
[Round "2"]
[White "Zoltan, Andras"]
[Black "Toth, Istvan"]
[Result "1/2-1/2"]
[WhiteElo "2055"]
[BlackElo "2142"]
[PlyCount "57"]
[EventDate "2007.10.14"]
[EventType "team-tourn"]
[EventRounds "11"]
[EventCountry "HUN"]
[SourceTitle "EXT 2009"]
[Source "ChessBase"]
[SourceDate "2008.11.26"]
[SourceVersion "1"]
[SourceVersionDate "2008.11.26"]
[SourceQuality "1"]
[WhiteTeam "Honved II"]
[BlackTeam "Zoltek"]
[WhiteTeamCountry "HUN"]
[BlackTeamCountry "HUN"]

1. e4 e5 2. Nf3 Nf6 3. Nxe5 d6 4. Nf3 Nxe4 5. Nc3 Nf6 6. d4 Bg4 7. h3 Bh5 8. Bd3 Be7 9. Be3 Nc6 10. a3 a6 11. g4 Bg6 12. Qe2 Qd7 13. d5 Ne5 14. Nxe5 dxe5 15. Bxg6 hxg6 16. 0-0-0 0-0-0 17. f3 Kb8 18. Bf2 Bd6 19. Ne4 Nxe4 20. fxe4 f5 21. c4 c5 22. dxc6 Qxc6 23. gxf5 gxf5 24. exf5 Qc8 25. Qe3 Qxc4+ 26. Kb1 Qb5 27. Rc1 b6 28. Qxb6+ Qxb6 29. Bxb6 1/2-1/2

[Event "HUN-chT2 Breyer 0506"]
[Site "Hungary"]
[Date "2006.03.19"]
[Round "9"]
[White "Sarok, Peter"]
[Black "Toth, Istvan"]
[Result "1-0"]
[WhiteElo "2157"]
[BlackElo "2165"]
[PlyCount "113"]
[EventDate "2005.10.16"]
[EventType "team-tourn"]
[EventRounds "11"]
[EventCountry "HUN"]
[SourceTitle "EXT 2009"]
[Source "ChessBase"]
[SourceDate "2008.11.26"]
[SourceVersion "1"]
[SourceVersionDate "2008.11.26"]
[SourceQuality "1"]
[WhiteTeam "Kisber Aszar"]
[BlackTeam "Zoltek"]
[WhiteTeamCountry "HUN"]
[BlackTeamCountry "HUN"]

1. d4 d5 2. c4 e6 3. Nc3 Nf6 4. Nf3 Nbd7 5. Bg5 Be7 6. e3 0-0 7. Qc2 c6 8. Be2 Re8 9. 0-0 h6 10. Bh4 a6 11. Rfd1 b5 12. b3 Bb7 13. h3 b4 14. Na4 Ne4 15. Bxe7 Qxe7 16. cxd5 exd5 17. Bd3 Rac8 18. Qe2 Ra8 19. Rac1 Rec8 20. Nd2 Nef6 21. Bf5 Re8 22. Qf3 g6 23. Bxd7 Nxd7 24. Qf4 Rac8 25. Qxh6 c5 26. Nxc5 Nxc5 27. dxc5 Rxc5 28. Nf3 Rec8 29. Rxc5 Rxc5 30. Nd4 Qf6 31. h4 Bc8 32. Re1 Bd7 33. h5 Qh4 34. Qf4 Qxf4 35. exf4 gxh5 36. Kh2 Kf8 37. Re5 Bb5 38. Kg3 Bd3 39. f3 Bb1 40. Re2 Rc1 41. Rd2 Ke7 42. Kh4 Rh1+ 43. Kg5 Rc1 44. Kxh5 Kf6 45. Kh4 Rc5 46. g4 Ra5 47. Rb2 Bxa2 48. g5+ Kg7 49. f5 Ra3 50. f6+ Kg6 51. f4 a5 52. f5+ Kh7 53. Kh5 Bxb3 54. g6+ Kg8 55. Nxb3 d4 56. Re2 fxg6+ 57. Kxg6 1-0

[Event "HUN-chT2 Breyer 0506"]
[Site "Hungary"]
[Date "2005.10.16"]
[Round "1"]
[White "Toth, Istvan"]
[Black "Barabas, Attila"]
[Result "1-0"]
[WhiteElo "2165"]
[BlackElo "2114"]
[PlyCount "103"]
[EventDate "2005.10.16"]
[EventType "team-tourn"]
[EventRounds "11"]
[EventCountry "HUN"]
[SourceTitle "EXT 2009"]
[Source "ChessBase"]
[SourceDate "2008.11.26"]
[SourceVersion "1"]
[SourceVersionDate "2008.11.26"]
[SourceQuality "1"]
[WhiteTeam "Zoltek"]
[BlackTeam "Vertesi Eromu"]
[WhiteTeamCountry "HUN"]
[BlackTeamCountry "HUN"]

1. Nf3 d5 2. d4 e6 3. e3 Nf6 4. c4 Bb4+ 5. Bd2 Bxd2+ 6. Nbxd2 0-0 7. Rc1 c6 8. Bd3 Qb6 9. Qc2 Nbd7 10. 0-0 Re8 11. Ne5 g6 12. c5 Qd8 13. f4 Nf8 14. Rf3 Nh5 15. g4 Ng7 16. Rg3 f6 17. Nef3 Qc7 18. Qc3 Kh8 19. Rf1 f5 20. h3 Qe7 21. Kg2 Nd7 22. b4 Nf6 23. Ne5 Nd7 24. Ndf3 Nxe5 25. Nxe5 Bd7 26. Kh2 Rg8 27. Rfg1 Be8 28. Qc2 Rc8 29. gxf5 exf5 30. Bxf5 gxf5 31. Qxf5 Rc7 32. Rg5 Bf7 33. Qg4 Qf6 34. Qh4 Rf8 35. R1g4 Ne6 36. Rg8+ Bxg8 37. Ng6+ Kg7 38. Nxf8+ Kf7 39. Qxf6+ Kxf6 40. Rxg8 Kf7 41. Nxe6 Kxe6 42. Kg2 Re7 43. Kf3 Kf5 44. a4 Kf6 45. b5 cxb5 46. axb5 a6 47. bxa6 bxa6 48. Ra8 Re6 49. Ra7 h5 50. Ke2 Kg6 51. Rd7 h4 52. Rxd5 1-0

[Event "HUN-chT2 Breyer 0405"]
[Site "Hungary"]
[Date "2004.10.10"]
[Round "2"]
[White "Igaz, Peter"]
[Black "Toth, Istvan"]
[Result "1-0"]
[WhiteElo "2064"]
[BlackElo "2165"]
[PlyCount "97"]
[EventDate "2004.09.26"]
[EventType "team-tourn"]
[EventRounds "11"]
[EventCountry "HUN"]
[SourceTitle "EXT 2009"]
[Source "ChessBase"]
[SourceDate "2008.11.26"]
[SourceVersion "1"]
[SourceVersionDate "2008.11.26"]
[SourceQuality "1"]
[WhiteTeam "Dunaharaszti II"]
[BlackTeam "Zoltek"]
[WhiteTeamCountry "HUN"]
[BlackTeamCountry "HUN"]

1. d4 Nf6 2. Nf3 e6 3. e3 d5 4. Bd3 c5 5. c3 Nc6 6. Nbd2 Bd7 7. 0-0 Be7 8. Qe2 0-0 9. dxc5 Bxc5 10. e4 h6 11. e5 Nh7 12. Nb3 Be7 13. Bc2 Re8 14. Nbd4 Rc8 15. Be3 a6 16. Nxc6 Bxc6 17. Nd4 Qd7 18. Qg4 Kh8 19. f4 Bc5 20. Rf3 Bxd4 21. Bxd4 Rg8 22. Rh3 Qe7 23. Rh5 Be8 24. f5 f6 25. Rh4 fxe5 26. Bxe5 Rc4 27. Bd4 Nf6 28. Qh3 e5 29. Re1 Rxd4 30. Rxd4 e4 31. Qe3 Qe5 32. Rf1 Bd7 33. Qf4 Qe8 34. g4 Rf8 35. Rd2 Bc6 36. Re1 Qe7 37. Bd1 Qc5+ 38. Qe3 Qd6 39. h4 Qe5 40. g5 hxg5 41. hxg5 Ne8 42. Qh3+ Kg8 43. g6 Rxf5 44. Rh2 Rg5+ 45. Kh1 Kf8 46. Rf1+ Ke7 47. Rg2 Nf6 48. Qh8 Ne8 49. Qh4 1-0

[Event "HUN-ch Seniors"]
[Site "Ajka"]
[Date "2004.04.09"]
[Round "4"]
[White "Papp, Karoly"]
[Black "Toth, Istvan"]
[Result "0-1"]
[WhiteElo "2059"]
[BlackElo "2165"]
[PlyCount "49"]
[EventDate "2004.04.08"]
[EventType "swiss"]
[EventRounds "7"]
[EventCountry "HUN"]
[SourceTitle "EXT 2008"]
[Source "ChessBase"]
[SourceDate "2007.11.25"]
[SourceVersion "1"]
[SourceVersionDate "2007.11.25"]
[SourceQuality "1"]

1. e4 d6 2. d4 Nf6 3. Bd3 g6 4. c3 Bg7 5. Ne2 0-0 6. 0-0 Nc6 7. Bg5 h6 8. Bd2 e5 9. d5 Ne7 10. Ng3 c6 11. c4 cxd5 12. cxd5 Bd7 13. Nc3 a6 14. a4 Rc8 15. a5 Kh7 16. Na4 Bxa4 17. Qxa4 Qd7 18. Qd1 Nfg8 19. Rc1 Rxc1 20. Bxc1 h5 21. h4 Bh6 22. Qe2 Qc8 23. Be3 Bxe3 24. fxe3 Nh6 25. Rc1 0-1

[Event "HUN-ch Seniors"]
[Site "Ajka"]
[Date "2004.04.09"]
[Round "3"]
[White "Toth, Istvan"]
[Black "Baranyai, Antal"]
[Result "1/2-1/2"]
[WhiteElo "2165"]
[BlackElo "1871"]
[PlyCount "68"]
[EventDate "2004.04.08"]
[EventType "swiss"]
[EventRounds "7"]
[EventCountry "HUN"]
[SourceTitle "EXT 2008"]
[Source "ChessBase"]
[SourceDate "2007.11.25"]
[SourceVersion "1"]
[SourceVersionDate "2007.11.25"]
[SourceQuality "1"]

1. d4 d5 2. c4 Nf6 3. Nc3 c6 4. e3 Bf5 5. Bd3 Bxd3 6. Qxd3 e6 7. cxd5 exd5 8. Nf3 Nbd7 9. 0-0 Bd6 10. b3 0-0 11. Bb2 h6 12. Rfe1 Re8 13. Rab1 Ne4 14. Qc2 Ndf6 15. h3 Nxc3 16. Bxc3 Ne4 17. Bb2 f5 18. Ne5 Qg5 19. f4 Qg3 20. Qe2 Re6 21. Rf1 Qh4 22. Rf3 Rf8 23. Kh2 Bxe5 24. dxe5 g5 25. g3 Qh5 26. Rf2 g4 27. h4 Nxf2 28. Qxf2 Qe8 29. Qd2 h5 30. Qa5 a6 31. Qb6 Rf7 32. a4 Qd7 33. a5 Kg7 34. Bd4 Rf8 1/2-1/2

[Event "HUN-ch Seniors"]
[Site "Ajka"]
[Date "2004.04.08"]
[Round "1"]
[White "Toth, Istvan"]
[Black "Szabo, Ervin"]
[Result "0-1"]
[WhiteElo "2165"]
[BlackElo "2140"]
[PlyCount "95"]
[EventDate "2004.04.08"]
[EventType "swiss"]
[EventRounds "7"]
[EventCountry "HUN"]
[SourceTitle "EXT 2008"]
[Source "ChessBase"]
[SourceDate "2007.11.25"]
[SourceVersion "1"]
[SourceVersionDate "2007.11.25"]
[SourceQuality "1"]

1. d4 e6 2. Nf3 f5 3. c4 Nf6 4. Nc3 d5 5. e3 c6 6. Bd3 Bd6 7. cxd5 exd5 8. 0-0 0-0 9. h3 Qe7 10. Qc2 Ne4 11. Ne2 Nd7 12. Bd2 Nxd2 13. Nxd2 Nf6 14. Rae1 Bd7 15. a3 Rae8 16. b4 Ne4 17. Nb3 Qh4 18. f3 Ng3 19. f4 Nxf1 20. Rxf1 Rxe3 21. Nd2 Qh6 22. Rf2 Rfe8 23. Nf1 R3e7 24. Qd2 b6 25. Qc1 Rc8 26. Nfg3 Qf6 27. Qc3 g6 28. Qb3 Kg7 29. Rf1 Qe6 30. Kh1 Qe3 31. Qd1 Rce8 32. Rf3 Qe6 33. Qc2 Qf6 34. Kh2 Re3 35. Rf2 R3e7 36. Qd2 h5 37. Bc2 h4 38. Nf1 Bc8 39. Nc1 Ba6 40. Bd3 Bb7 41. Bc2 c5 42. Nb3 c4 43. Nc1 Bc6 44. Ne2 b5 45. Ng1 g5 46. Ne2 Rxe2 47. Qxe2 Rxe2 48. Rxe2 0-1

[Event "HUN-ch Seniors"]
[Site "Ajka"]
[Date "2004.04.08"]
[Round "2"]
[White "Vegvari, Ferenc"]
[Black "Toth, Istvan"]
[Result "1-0"]
[WhiteElo "2046"]
[BlackElo "2165"]
[PlyCount "63"]
[EventDate "2004.04.08"]
[EventType "swiss"]
[EventRounds "7"]
[EventCountry "HUN"]
[SourceTitle "EXT 2008"]
[Source "ChessBase"]
[SourceDate "2007.11.25"]
[SourceVersion "1"]
[SourceVersionDate "2007.11.25"]
[SourceQuality "1"]

1. d4 Nf6 2. Nf3 g6 3. Bf4 Bg7 4. e3 d6 5. h3 a6 6. a4 0-0 7. Bc4 c6 8. Nbd2 d5 9. Bd3 Nbd7 10. Ne5 Nh5 11. g4 Nxf4 12. exf4 f6 13. Nxd7 Bxd7 14. f5 g5 15. h4 h6 16. Qf3 Qc7 17. hxg5 fxg5 18. c3 e5 19. Qg3 Rae8 20. 0-0-0 Qa5 21. Bc2 c5 22. Nb3 Qxa4 23. Nxc5 Qc6 24. Bb3 exd4 25. Nxd7 Qxd7 26. Qg2 Rd8 27. f4 Bf6 28. Rxh6 Bg7 29. Rg6 gxf4 30. Qh2 Qc7 31. Rh1 Kf7 32. Rxg7+ 1-0